Car's outside - James Arthur - Statistics

General Stats
  • This quiz has been taken 236 times
  • The average score is 257 of 337
Answer Stats
Answer % Correct
I
99%
the
99%
you
98%
You
98%
a
97%
pack
93%
bags
92%
I'm
92%
do
90%
when
90%
your
90%
don't
89%
Don't
89%
me
89%
car's
88%
in
88%
outside
88%
to
88%
No
87%
an
86%
wanna
86%
But
85%
but
85%
go
85%
comin
84%
with
84%
not
83%
of
82%
gettin
81%
my
81%
time
81%
never
80%
Never
80%
so
80%
So
80%
for
79%
Unless
79%
you're
79%
You're
79%
it
78%
Oh
78%
tonight
78%
Addison
77%
leave
77%
say
77%
last
76%
And
75%
Lee
75%
packin'
75%
anymore
74%
from
74%
it's
74%
It's
74%
see
73%
didn't
72%
lovin
71%
Close
70%
that
70%
tired
70%
afar
69%
are
69%
know
69%
many
69%
unpack
69%
windows
68%
hold
67%
I'd
67%
times
67%
where
67%
again
66%
leaving
66%
this
66%
truth
65%
becoming
64%
doors
64%
rather
64%
sayin
64%
always
63%
Than
63%
being
62%
goodbye
62%
now
62%
as
61%
lock
61%
try
61%
city
60%
all
59%
bright
59%
shine
59%
tagline
59%
catch
58%
eyes
58%
lights
58%
loving
58%
darling
57%
flight
57%
things
57%
alone
53%
sleeping
53%
would
51%
cause
49%
well
47%
hand
42%
hotel
42%
them
42%
feeling
41%
phone
41%
at
40%
different
40%
guess
40%
more
40%
bill
39%
starin
39%
same
38%
unfamiliar
38%
walls
38%
minute
37%
mobile
37%
up
37%
four
36%
most
36%
run
36%
trade
36%
need
35%
it'll
33%
Ah
31%
gonna
31%
have
31%
he's
30%
wait
29%
twice
28%
called
26%
No matching quizzes found
Score Distribution
Percent of People with Each Score
Percentile by Number Answered
Your Score History
You have not taken this quiz